|
|
|
|
| LEADER |
00968nam a2200241 a 4500 |
| 001 |
3408081 |
| 008 |
090823s1990 caua b 000 0 eng d |
| 010 |
|
|
|a 89193206
|
| 020 |
|
|
|a 0201232995
|
| 040 |
|
|
|a DLC
|c DLC
|d DLC
|
| 082 |
0 |
0 |
|a 510/.7
|2 20
|
| 245 |
0 |
0 |
|a Cooperative learning in mathematics :
|b a handbook for teachers /
|c Neil Davidson, editor.
|
| 260 |
|
|
|a Menlo Park, Calif. :
|b Addison-Wesley Pub. Co.,
|c c1990.
|
| 300 |
|
|
|a 409 p. :
|b ill. ;
|c 24 cm.
|
| 504 |
|
|
|a Includes bibliographical references.
|
| 541 |
1 |
|
|e 00005205
|
| 650 |
|
0 |
|a Mathematics
|x Study and teaching.
|
| 650 |
|
0 |
|a Group work in education.
|
| 650 |
|
0 |
|a Team learning approach in education.
|
| 700 |
1 |
|
|a Davidson, Neil.
|
| 852 |
4 |
|
|a Ayesha Abed Library
|j General Shelf.
|
| 999 |
|
|
|c 3707
|d 3707
|
| 952 |
|
|
|0 0
|1 0
|2 ddc
|4 0
|6 510_700000000000000_COO_1990
|7 0
|9 3367
|a BRACUL
|b BRACUL
|c GEN
|d 2009-09-03
|g 0.00
|l 0
|o 510.7 COO
|p 3010005205
|r 2009-09-03
|t 1
|w 2009-09-03
|y BK
|x No price found in the accession register.
|